000 01083nas a2200385 4500
001 BR0403767
003 BR-BrBNA
005 20231205104726.0
007 ta
008 230509b bl.|||p| |||| 00| 00por d
040 _aBR-BrBNA
_bpor
_cBiblioteca Nacional de Agricultura
041 _a(Pt)
072 _aF04; P33
100 1 _aRocha, R.E.M. da
100 1 _aPimentel, M.S.
100 1 _aZago, V.C.P.
100 1 _aRumjanek, N.G.
100 1 _aDe-Polli, H.
245 1 _aAvaliação de biossólido de águas servidas domiciliares como adubo em couve
650 _aCOUVE
650 _aTRATAMENTO DA ÁGUA
650 _aPATÓGENO
650 _aHELMINTO
650 _aMETAL PESADO
650 _aLODO RESIDUAL
650 _aCOLIFORME
650 _aFEZES
650 _aADUBAÇÃO
650 _aURÉIA
650 _aESTERCO DE GADO
650 _aQUÍMICA DO SOLO
773 0 _tPesquisa Agropecuária Brasileira (Brazil)
_xISSN 0100-204X
_g(Dec 2003), v. 38(12) p. 1435-1441
_wBR0403767
909 _a202311
_bLúcia
_c55
_dLúcia Elande
942 _2AGRIS
_n0
_cANA
999 _c179435
_d179435